[Event "Hebraica op 31st"]
[Site "Hebraica"]
[Date "2023.07.01"]
[Round "4"]
[White "Santoro, Camila Correa"]
[Black "Da Silva, Gabriel Gomes"]
[Result "1/2-1/2"]
[WhiteElo "1800"]
[BlackElo "1375"]
[PlyCount "63"]
[EventDate "2023.06.30"]
[EventType "swiss"]
[EventRounds "6"]
[EventCountry "BRA"]
[SourceTitle "CBM 215 Extra"]
[Source "ChessBase"]
[SourceDate "2023.09.30"]
[SourceVersion "1"]
[SourceVersionDate "2023.09.30"]
[SourceQuality "1"]

1. d4 d5 2. Bf4 Nf6 3. Nf3 e6 4. e3 a6 5. Be2 Nbd7 6. 0-0 Bd6 7. Ne5 0-0 8. Nd2 c5 9. Nxf7 Rxf7 10. Bxd6 c4 11. Nf3 Ne4 12. Bf4 b5 13. Ne5 Nxe5 14. Bxe5 Bd7 15. Bh5 Rf5 16. f3 Nf6 17. Bg4 Rg5 18. h4 Rg6 19. h5 Rg5 20. Bxf6 gxf6 21. f4 Rg7 22. Qf3 f5 23. Bh3 Qh4 24. Kh2 Kf7 25. g3 Qf6 26. Rg1 Rag8 27. Rg2 a5 28. Rag1 b4 29. c3 Qe7 30. g4 bxc3 31. bxc3 Qa3 32. gxf5 1/2-1/2